000 00435nam a2200157 a 4500
005 20210219161215.0
008 110627s2000 mx r 000 0 spa d
020 _a8885401406
035 _aUPN01000180942
049 _aUNE
080 0 _a37. 014. 1 (100) "1998" HAM
245 0 3 _aLa Escuela y los Derechos del niƱo
_cDict. Thomas Hammarberg.
260 _aItalia :
_bUNICEF,
_1997.
300 _a33 p.
440 0 _aInnocent Lectures
999 _c153045
_d153045